Almendras de oro

Guardado en:
書目詳細資料
主要作者: González Villanueva, Gustavo
格式: 圖書
語言:Undetermined
出版: San José, Costa Rica Promesa 1992
主題:
標簽: 添加標簽
沒有標簽, 成為第一個標記此記錄!

MARC

LEADER 00000nam a2200000Ia 4500
008 170316s9999 xx 000 0 und d
040 |a cru BVZT 
090 |a 860 G-25a 
100 |a González Villanueva, Gustavo 
245 |a Almendras de oro 
260 |a San José, Costa Rica 
260 |b Promesa 
260 |c 1992 
300 |a 82 páginas 
650 |a LITERATURA LATINOAMERICANA 
999 |c 8734  |d 8734 
942 |c 15 D  |h 860 G-25a  |2 z